The law of compulsory purchase (Record no. 108460)
[ view plain ]
| 000 -LEADER | |
|---|---|
| fixed length control field | 02830cam a22003615a 4500 |
| 001 - CONTROL NUMBER | |
| control field | L144333 |
| 008 - FIXED-LENGTH DATA ELEMENTS--GENERAL INFORMATION | |
| fixed length control field | 080710s2008 xxk f 001 0 eng d |
| 020 ## - INTERNATIONAL STANDARD BOOK NUMBER | |
| International Standard Book Number | 9781847661708 |
| 035 ## - SYSTEM CONTROL NUMBER | |
| System control number | (Sirsi) u144333 |
| 041 0# - LANGUAGE CODE | |
| Language code of text/sound track or separate title | eng |
| 050 04 - LIBRARY OF CONGRESS CALL NUMBER | |
| Classification number | 711.1 $2 18 |
| 100 1# - MAIN ENTRY--PERSONAL NAME | |
| Personal name | Roots, Guy |
| 245 04 - TITLE STATEMENT | |
| Title | The law of compulsory purchase |
| 260 ## - PUBLICATION, DISTRIBUTION, ETC. | |
| Place of publication, distribution, etc. | Haywards Heath |
| Name of publisher, distributor, etc. | Tottel Publishing |
| Date of publication, distribution, etc. | 2008 |
| 300 ## - PHYSICAL DESCRIPTION | |
| Extent | xci, 700p. |
| Dimensions | 26cm. |
| 505 2# - FORMATTED CONTENTS NOTE | |
| Formatted contents note | Introduction: evolution of the system; the nature of compulsory purchase; the human rights dimension; disposal of land acquired by compulsion |
| 505 2# - FORMATTED CONTENTS NOTE | |
| Formatted contents note | Powers of compulsory purchase: compulsory purchase powers; the subject matter of compulsory purchase; purchase of land by agreement; purchase and blight notices |
| 505 2# - FORMATTED CONTENTS NOTE | |
| Formatted contents note | Compulsory purchase orders and procedure: acquisition by a non-ministerial authority; acquisition by a ministerial authority; special categories of land; special parliamentary procedure; challenging a compulsory purchase order; Transport and Works Act 1992 |
| 505 2# - FORMATTED CONTENTS NOTE | |
| Formatted contents note | Implementation of compulsory purchase: commencing implementation of compulsory purchase; lawful entry; acquiring title and completion; special cases; interests in land |
| 505 2# - FORMATTED CONTENTS NOTE | |
| Formatted contents note | Compensation for compulsory purchase: compensation for land acquired; assumptions as to planning permission; disregarding the scheme; equivalent reinstatement; compensation for disturbance; severance and injurious affection; deduction for betterment; supplementary payments and duty to rehouse |
| 505 2# - FORMATTED CONTENTS NOTE | |
| Formatted contents note | Compensation where no land taken: injurious affection where no land has been taken; compensation for the use of public works; mitigation of the effects of public works |
| 505 2# - FORMATTED CONTENTS NOTE | |
| Formatted contents note | Compensation for decisions, controls and works: compensation for planning decisions; compensation for decisions relating to mineral planning permissions; compensation for the exercise of powers under the Highways Act 1980; compensation for the exercise of powers relating to water supply, sewage disposal; land drainage; pollution control and public health; compensation under the legislation relating to the gas, electricity and telecommunications industry |
| 505 2# - FORMATTED CONTENTS NOTE | |
| Formatted contents note | Determination and recovery of compensation |
| 520 ## - SUMMARY, ETC. | |
| Summary, etc. | Book seeks to provide a comprehensive guide to the law and practice in the field of compulsory purchase and compensation, making it as accessible as is possible. Aimed at all practitioners (including lawyers, surveyors and valuers). Bound version of a two volume loose leaf publication. |
| 521 ## - TARGET AUDIENCE NOTE | |
| Target audience note | Advanced |
| 651 #4 - SUBJECT ADDED ENTRY--GEOGRAPHIC NAME | |
| Geographic name | United Kingdom |
| Chronological subdivision | |
| 690 ## - LOCAL SUBJECT ADDED ENTRY--TOPICAL TERM (OCLC, RLIN) | |
| Topical term or geographic name as entry element | ENVIRONMENTAL AND LAND CONSULTANCY-PLANNING AND DEVELOPMENT-COMPULSORY PURCHASE AND COMPENSATION |
| 700 1# - ADDED ENTRY--PERSONAL NAME | |
| Personal name | Humphries, Michael |
| 700 1# - ADDED ENTRY--PERSONAL NAME | |
| Personal name | Fookes, Robert |
| 700 1# - ADDED ENTRY--PERSONAL NAME | |
| Personal name | Pereira, James |
| 942 ## - ADDED ENTRY ELEMENTS (KOHA) | |
| Suppress in OPAC | 0 |
| Withdrawn status | Lost status | Source of classification or shelving scheme | Damaged status | Not for loan | Home library | Current library | Shelving location | Date acquired | Cost, normal purchase price | Total Checkouts | Full call number | Barcode | Date last seen | Date last checked out | Copy number | Cost, replacement price | Price effective from | Koha item type |
|---|---|---|---|---|---|---|---|---|---|---|---|---|---|---|---|---|---|---|
| Dewey Decimal Classification | London | London | Books | 11/08/2008 | 120.00 | 6 | 711.1 ROO | 30076049 | 17/07/2023 | 02/12/2009 | 1 | 120.00 | 06/08/2019 | Book | ||||
| Dewey Decimal Classification | London | London | Books | 11/08/2008 | 120.00 | 13 | 711.1 ROO | 30076050 | 06/08/2019 | 26/01/2010 | 2 | 120.00 | 06/08/2019 | Book |